LEADER 01644nam 2200349 n 450 001 996391830503316 005 20200824121811.0 035 $a(CKB)4940000000109043 035 $a(EEBO)2240902238 035 $a(UnM)99864432e 035 $a(UnM)99864432 035 $a(EXLCZ)994940000000109043 100 $a19931110d1648 uy | 101 0 $aeng 135 $aurbn||||a|bb| 200 14$aThe resolution of Sr Marmaduke Langdale$b[electronic resource] $econcerning the relieving of the Lord Goring. The Lord of Loughborough. The Lord Capel. Sir Charles lucas, and the rest of the officers and souldiers now blocked up in the town of Colchester, by the Lord Generall Fairfax. And their further proceedings touching Major Generall Lambert; agreed upon by a Councel of War, and assented to by most of the colonels and officers in the Northern Army. Likewise the Lord Goring's letter to Sir Marmaduke Langdale, and his further resolution and proceedings thereupon 210 $aLondon $cPrinted for G.N 215 $a[2], 1, [5] p 300 $aAnnotation on Thomason copy: "June 20th". 300 $aReproduction of the original in the British Library. 330 $aeebo-0018 607 $aColchester (England)$xHistory$ySiege, 1648$vEarly works to 1800 607 $aGreat Britain$xHistory$yCivil War, 1642-1649$vEarly works to 1800 700 $aLangdale$b Marmaduke Langdale$cBaron,$f1598?-1661.$01008422 801 0$bCu-RivES 801 1$bCu-RivES 801 2$bCStRLIN 801 2$bWaOLN 906 $aBOOK 912 $a996391830503316 996 $aThe resolution of Sr Marmaduke Langdale$92340352 997 $aUNISA LEADER 01091nam a2200289 i 4500 001 991000004749707536 005 20020503105530.0 008 010424s1996 it ||| | ita 020 $a8806137204 035 $ab10003988-39ule_inst 035 $aLE01988535$9ExL 040 $aDip.to Beni Arti e Storia$bita 082 0 $a751.62 100 1 $aConti, Alessandro$0312239 245 10$aManuale di restauro /$cAlessandro Conti ; a cura di Marina Romiti Conti 260 $aTorino :$bEinaudi,$c1996 300 $aXII, 399 p., [32] c. di tav. :$bill. ;$c21 cm. 490 0 $aBiblioteca Studio ;$v30 650 4$aPittura$xRestauro 700 1 $aRomiti Conti, Marina 907 $a.b10003988$b17-02-17$c29-05-02 912 $a991000004749707536 945 $aLE019 A11 AR D 33$g1$i2019000001946$lle019$o-$pE0.00$q-$rl$s- $t0$u22$v0$w22$x0$y.i10005213$z29-05-02 945 $aLE019 A 645$g1$i2019000083416$lle019$o-$pE0.00$q-$rn$so $t0$u6$v2$w6$x0$y.i15431745$z06-07-12 996 $aManuale di restauro$983744 997 $aUNISALENTO 998 $ale019$b01-01-01$cm$da $e-$fita$git $h0$i1